000 02106nam a22003137a 4500
999 _c21954
_d21954
003 AR-CdUCM
008 190425b ||||| |||| 00| 0 spa d
040 _aMUNICIPALIDAD PROVINCIAL DEL CUSCO
_cBIBLIOTECA MUNICIPAL DEL CUSCO
082 _aCantua/N°13/2006
245 _aRevista Cantua /
_cÓrgano del Centro de estudiantes de Ciencias Biológicas
260 _aCusco :
_bÓrgano del Centro de estudiantes de Ciencias Biológicas,
_c2006.
300 _a69 páginas. :
_bilustraciones ;
_c29 cm.
440 _aCantua
_nNúmero 13, año 2006.
_946977
505 _aContenido: Determinación del número cromosómico y cariotipo del K´aspicuro. -- Bioinformática ciencia y herramienta. -- Valoración económica de la Mazasamba especie promisoria del Valle de La Convención Cuso. -- Flora Arbustiva de la microcuenca de Cachimayo Cusco. -- Evaluación de la flora en los sectores de Qorihuayrachina, Runcuracay y Cruzpata Santuario Histórico de Machupicchu. -- Contribución al conocimiento de la familia cactaceae en la micro cuenca del río Lucre. -- Bioindicadores reofilos del río Saphy Cusco. -- Biodiversidad y cultura aliados del ecoturismo caso comunidad de Santa Rosa de Huacaría RBM. -- Contaminación de aguas recreacionales termales en el departamento del Cusco. -- Evaluación del impacto ambiental de la actividad artesanal para el turismo en Ccorao. -- Diversidad de Macromicetos en la microcuenca de K´ayra Cusco. -- Cambio climático en el Valle del Cusco. -- Vulnerabilidad ambiental del Santuario Histórico de Machupicchu...
650 _aBiología
_9881
650 _aEcología
_94960
650 _aImpacto Ambiental
_944210
650 _aMachupicchu
_91751
650 _aBiodiversidad
_919327
650 _aCusco
_9772
700 _aTupayachi Herrera, Alfredo
_920659
700 _aTupayachi Madera, Emperatriz
_946978
700 _aCorimanya Aucca Pacha, Jeny
_946979
700 _aMuñiz Duran, Griselda
_946980
700 _aVera Ferchau, Ingrid
_946981
710 _aUniversidad Nacional de San Antonio Abad del Cusco
_915942
942 _2ddc
_cPP
945 _arac